00952nam a22002417a 4500003001100000005001700011008004100028020001500069040003900084041000800123082001600131100002300147130009500170245006800265260003900333300004200372490006100414650003100475942000700506952009100513952009100604999001500695LK-CoMWRAF20231213101611.0231213b2001 |||||||| |||| 00| 0 eng d a9555820163 aLK-CoMWRAFdLK-CoMWRAFeLK-CoMWRAF aeng a303.66bUYA aUyangoda, Jayadeva aA history of ethnic conflict in Sri Lanka: recollection, reinterpretation & reconciliation aBeyond negotiations:btowards transformative peace in Sri Lanka aColombo: bMarga Institute, c2001 a29 p. ; 23 cm bBibliography included aMarga monograph series on ethnic reconciliation vno. 13 aEthnic conflict- Sri Lanka cBK 00104070aMAINbMAINd2023-12-13l0o303.66 UYApRAF4525r2023-12-13w2023-12-13yBK 00104070aMAINbMAINd2023-12-13l0o303.66 UYApRAF4526r2023-12-13w2023-12-13yBK c4387d4387